| 000 | 00569nam a2200217 a 4500 | ||
|---|---|---|---|
| 001 | 56729 | ||
| 003 | BD-RjUL | ||
| 005 | 20211209080427.0 | ||
| 008 | 161203s1968 enk||||| |||| 001 0 eng d | ||
| 035 | _a(BD-RjUL) | ||
| 040 |
_aBD-RjUL _beng _cBD-RjUL _dBD-RjUL |
||
| 041 | _aeng | ||
| 082 |
_223 _a111.85 _bSCP 1968 |
||
| 100 |
_aSchaper, Eva. _9168701 |
||
| 245 |
_aPrelude to aesthetics / _cEva Schaper |
||
| 260 |
_aLondon : _bAllen & Unwin, _cc1968. |
||
| 300 |
_a179 p. ; _c20 cm. |
||
| 500 | _aIncludes index | ||
| 650 |
_aAesthetics. _9124124 |
||
| 942 |
_2ddc _cBK |
||
| 999 |
_c56729 _d56729 |
||